000 00269nam a2200121Ia 4500
008 190216s9999||||xx |||||||||||||| ||und||
100 _aSher Jung
245 0 _aTryst With Tigers
260 _bOrient Paper Back
_c1975
300 _a235
650 _aNovel
942 _cBK
999 _c12344
_d12344